| 000 | 00582nam a22001937a 4500 | ||
|---|---|---|---|
| 005 | 20230303021002.0 | ||
| 008 | 230303b |||||||| |||| 00| 0 eng d | ||
| 020 | _a978-981-451-063-9 | ||
| 082 | _a515.35 Z69 2013 | ||
| 100 |
_aZill, Dennis G. _eauthor |
||
| 245 |
_aSucceeding with differential equations / _cDennis G. Zill, Warren S. Wright |
||
| 250 | _a8th ed. | ||
| 260 |
_aSingapore: _bCengage Learning Asia, _cc2013 |
||
| 300 |
_axv, [615]p.: _bill. |
||
| 504 | _aIncludes index | ||
| 541 | _e5085 | ||
| 650 | _aDifferential equations | ||
| 700 |
_aWright, Warren S. _eauthor |
||
| 999 |
_c1529 _d1529 |
||